Dynamic stress testing: the framework for assessing the resilience of the banking sector used by the czech national bank

Článok popisuje súčasné metodiky stresových testov, ktoré využíva ČNB k testovaniu odolnosti bankového sektora.

Guardado en:
Detalles Bibliográficos
Autor principal: Geršl, Adam
Otros Autores: Jakubík, Petr, Konečný, Tomáš, Seidler, Jakub
Formato: Capítulo de libro
Lenguaje:inglés
Materias:
Etiquetas: Agregar Etiqueta
Sin Etiquetas, Sea el primero en etiquetar este registro!

MARC

LEADER 00000naa a2200000 4500
001 0191261
005 20231010120401.9
041 0 |a eng 
044 |a CZ 
245 1 0 |a Dynamic stress testing: the framework for assessing the resilience of the banking sector used by the czech national bank  |c Adam Geršl, Petr Jakubík, Tomáš Konečný, Jakub Seidler 
520 |a Článok popisuje súčasné metodiky stresových testov, ktoré využíva ČNB k testovaniu odolnosti bankového sektora. 
610 2 0 |a trh finančný 
610 2 0 |a banky 
610 2 0 |a banky centrálne 
610 2 0 |a riziko úverové 
610 2 0 |a testovanie stresové 
610 2 0 |a Česko 
100 1 |a Geršl, Adam 
700 1 |a Jakubík, Petr 
700 1 |a Konečný, Tomáš 
700 1 |a Seidler, Jakub